The Cold War, 1945-1991 / (Record no. 54988)
[ view plain ]
| 000 -LEADER | |
|---|---|
| fixed length control field | 01467nam a2200361 a 4500 |
| 001 - CONTROL NUMBER | |
| control field | 54988 |
| 003 - CONTROL NUMBER IDENTIFIER | |
| rucl marc code | BD-RJUL |
| 005 - DATE AND TIME OF LATEST TRANSACTION | |
| control field | 20211209080211.0 |
| 008 - FIXED-LENGTH DATA ELEMENTS--GENERAL INFORMATION | |
| fixed length control field | 161113s2006 enkb 000 0 eng |
| 020 ## - INTERNATIONAL STANDARD BOOK NUMBER | |
| International Standard Book Number | 9781403933386 (pbk) |
| International Standard Book Number | 1403933383 (pbk.) |
| 035 ## - SYSTEM CONTROL NUMBER | |
| System control number | BD-RJUL 55110 |
| 040 ## - CATALOGING SOURCE | |
| Original cataloging agency | DLC |
| Transcribing agency | DLC |
| Modifying agency | STF |
| -- | BAKER |
| Language of cataloging | eng |
| 041 ## - LANGUAGE CODE | |
| Language code of text/sound track or separate title | eng |
| 082 00 - DEWEY DECIMAL CLASSIFICATION NUMBER | |
| Classification number | 909.82 |
| Edition number | 22 |
| Author mark and year | DOC 2006 |
| 100 1# - MAIN ENTRY--PERSONAL NAME | |
| Personal name | Dockrill, M. L. |
| Fuller form of name | (Michael L.) |
| 9 (RLIN) | 163952 |
| 245 14 - TITLE STATEMENT | |
| Title | The Cold War, 1945-1991 / |
| Statement of responsibility, etc. | Michael L. Dockrill and Michael F. Hopkins. |
| 250 ## - EDITION STATEMENT | |
| Edition statement | 2nd ed. |
| 260 ## - PUBLICATION, DISTRIBUTION, ETC. (IMPRINT) | |
| Place of publication, distribution, etc. | Basingstoke : |
| Name of publisher, distributor, etc. | Palgrave Macmillian, |
| Date of publication, distribution, etc. | 2006. |
| 300 ## - PHYSICAL DESCRIPTION | |
| Pagination | xvi, 188 p. : |
| Illustrations | ill. ; |
| Size | 22 cm. |
| 490 1# - SERIES STATEMENT | |
| Series statement | Studies in European history |
| 500 ## - GENERAL NOTE | |
| General note | Rev. ed. of: The Cold War, 1945-1963. |
| 504 ## - BIBLIOGRAPHY, ETC. NOTE | |
| Bibliography, etc | Includes bibliographical references (p. 170-178) and index. |
| 650 #0 - SUBJECT ADDED ENTRY--TOPICAL TERM | |
| Topical term or geographic name as entry element | Cold War. |
| 9 (RLIN) | 129302 |
| Form subdivision | 20th century |
| 700 1# - ADDED ENTRY--PERSONAL NAME | |
| Personal name | Hopkins, Michael F. |
| Fuller form of name | (Michael Francis), |
| Dates associated with a name | 1953- |
| Personal name | Dockrill, M. L. |
| Fuller form of name | (Michael L.). |
| 830 #0 - SERIES ADDED ENTRY--UNIFORM TITLE | |
| Uniform title | Studies in European history (Basingstoke, England) |
| 856 42 - ELECTRONIC LOCATION AND ACCESS | |
| Materials specified | Contributor biographical information |
| Uniform Resource Identifier | <a href="http://www.loc.gov/catdir/enhancements/fy0625/2005055290-b.html">http://www.loc.gov/catdir/enhancements/fy0625/2005055290-b.html</a> |
| Materials specified | Publisher description |
| Uniform Resource Identifier | <a href="http://www.loc.gov/catdir/enhancements/fy0625/2005055290-d.html">http://www.loc.gov/catdir/enhancements/fy0625/2005055290-d.html</a> |
| Materials specified | Table of contents |
| Uniform Resource Identifier | <a href="http://www.loc.gov/catdir/enhancements/fy0625/2005055290-t.html">http://www.loc.gov/catdir/enhancements/fy0625/2005055290-t.html</a> |
| 942 ## - ADDED ENTRY ELEMENTS (KOHA) | |
| Source of classification or shelving scheme | Dewey Decimal Classification |
| Koha item type | Books |
| Lost status | Source of classification or shelving scheme | Damaged status | Not for loan | Collection code | Permanent Location | Current Location | Shelving location | Date acquired | Source of acquisition | Cost, normal purchase price | Total Checkouts | Total Renewals | Full call number | Date last seen | Date checked out | Copy number | Koha item type |
|---|---|---|---|---|---|---|---|---|---|---|---|---|---|---|---|---|---|
| Dewey Decimal Classification | Non-fiction | Central Library, University of Rajshahi | Central Library, University of Rajshahi | 24/06/2009 | Aligarh library, Rajshahi | 3153.00 | 2 | 1 | 909.82 DOC 2006 | 13/08/2018 | 19/07/2018 | C-2 | Books | ||||
| Dewey Decimal Classification | Not For Loan | Non-fiction | Central Library, University of Rajshahi | Central Library, University of Rajshahi | Reading Room | 24/06/2009 | Aligarh library, Rajshahi | 3153.00 | 909.82 DOC 2006 | 19/02/2017 | C-1 | Books |